Elfajzott művészet - elfajzott gondolat Woke, Cancel Culture és a többi /

Elmentve itt :
Bibliográfiai részletek
Szerző: Földényi F. László
Dokumentumtípus: Könyv része
Megjelent: Szeged Humanities Press Szeged 2024
Sorozat:Litterae Humaniores 2
Entartete Kunst, avagy az elfajzott művészet : tanulmányok Max Nordau halálának századik évfordulója alkalmából 2
Kulcsszavak:Művelődéstörténet
Tárgyszavak:
Online Access:http://acta.bibl.u-szeged.hu/86413
LEADER 00996naa a2200241 i 4500
001 acta86413
005 20250210123224.0
008 250210s2024 hu o 000 hun d
020 |a 978-963-688-018-7 
022 |a 3057-9929 
040 |a SZTE Egyetemi Kiadványok Repozitórium  |b hun 
041 |a hun 
100 2 |a Földényi F. László 
245 1 0 |a Elfajzott művészet - elfajzott gondolat   |h [elektronikus dokumentum] :  |b Woke, Cancel Culture és a többi /  |c  Földényi F. László 
260 |a Szeged Humanities Press  |b Szeged  |c 2024 
300 |a 357-371 
490 0 |a Litterae Humaniores  |v 2 
490 0 |a Entartete Kunst, avagy az elfajzott művészet : tanulmányok Max Nordau halálának századik évfordulója alkalmából  |v 2 
650 4 |a Bölcsészettudományok 
650 4 |a Történettudomány és régészet 
650 4 |a Nyelvek és irodalom 
695 |a Művelődéstörténet 
856 4 0 |u http://acta.bibl.u-szeged.hu/86413/1/litterae_humaniores_002_357-371.pdf  |z Dokumentum-elérés